[Event "World Youth Boys U16 2014"]
[Site "Durban RSA"]
[Date "2014.09.28"]
[Round "10.4"]
[White "Sanal, Vahap"]
[Black "Chandran, Kapil"]
[Result "1-0"]
[WhiteTitle "IM"]
[WhiteElo "2473"]
[BlackElo "2229"]
[WhiteFideId "6300545"]
[BlackFideId "2034077"]
[EventDate "2014.09.20"]

1. e4 c5 2. Nf3 e6 3. d4 cxd4 4. Nxd4 a6 5. Nc3 Qc7 6. g3 Bb4 7. Qd3 Nf6 8. Bg2
Nc6 9. Nxc6 dxc6 10. f4 e5 11. O-O O-O 12. f5 b5 13. Qf3 Bb7 14. g4 Bxc3 15.
bxc3 c5 16. Qe2 Nd7 17. g5 f6 18. h4 Rac8 19. Qg4 Qb6 20. Rf3 Rc7 21. Rg3 Bc6
22. Kh2 Qa5 23. Be3 Qa4 24. Rd1 Qxc2 25. Rd6 Bb7 26. Re6 Qxa2 27. h5 fxg5 28.
Qxg5 Rf7 29. Re8+ Nf8 30. Bxc5 h6 31. Qxh6 Rxc5 32. f6 Rcc7 33. Rxf8+ 1-0

[Event "World Youth Boys U16 2014"]
[Site "Durban RSA"]
[Date "2014.09.28"]
[Round "10.5"]
[White "Ali Marandi, Cemil Can"]
[Black "Petrosyan, Manuel"]
[Result "1/2-1/2"]
[WhiteTitle "IM"]
[BlackTitle "FM"]
[WhiteElo "2408"]
[BlackElo "2397"]
[WhiteFideId "6300529"]
[BlackFideId "13300857"]
[EventDate "2014.09.20"]

1. e4 c6 2. d4 d5 3. e5 Bf5 4. Be3 e6 5. Nd2 Ne7 6. Ngf3 Bg6 7. Nh4 Nf5 8. Nxf5
Bxf5 9. Be2 Be7 10. O-O Bg6 11. f4 Nd7 12. Nf3 Rc8 13. Bd3 Qb6 14. Bxg6 hxg6 15.
Rb1 Qa6 16. a3 b6 17. c3 c5 18. g4 c4 19. Qc2 b5 20. Rf2 Nf8 21. Rbf1 Rc7 22.
Bc1 Qc6 23. Rg2 Rh7 24. Qe2 a5 25. Ne1 b4 26. axb4 axb4 27. Nc2 b3 28. Ne3 Bd8
29. Qf3 Rd7 30. f5 Rh8 31. Qf4 Nh7 32. h4 g5 33. hxg5 Nxg5 34. Qg3 1/2-1/2

[Event "World Youth Boys U16 2014"]
[Site "Durban RSA"]
[Date "2014.09.28"]
[Round "10.6"]
[White "Litvinov, Maxim"]
[Black "Rodriguez, Adrien"]
[Result "1-0"]
[WhiteElo "2211"]
[BlackElo "2284"]
[WhiteFideId "24157449"]
[BlackFideId "20691866"]
[EventDate "2014.09.20"]

1. e4 c5 2. Nf3 d6 3. d4 cxd4 4. Qxd4 Nc6 5. Bb5 Bd7 6. Qd3 Nf6 7. c4 a6 8. Bxc6
Bxc6 9. Nc3 g6 10. O-O Bg7 11. h3 O-O 12. Nd4 Rc8 13. Be3 Nd7 14. Rac1 Nc5 15.
Qc2 Bd7 16. Rfd1 Ne6 17. Nd5 Nxd4 18. Bxd4 Bxd4 19. Rxd4 b5 20. b3 bxc4 21. Rxc4
Rxc4 22. Qxc4 e6 23. Ne3 Qa5 24. Qd4 Qe5 25. Qxe5 dxe5 26. a4 Rb8 27. Rc7 Be8
28. Nc4 Kf8 29. Nd6 Rb6 30. Nxe8 Kxe8 31. Rc3 Rb4 32. f3 f5 33. Rc6 Kf7 34. Rxa6
Rxb3 35. Ra7+ Kf6 36. exf5 exf5 37. Rxh7 Ra3 38. Ra7 Ra2 39. a5 Kg5 40. g3 Ra1+
41. Kf2 Ra2+ 42. Kf1 Ra1+ 43. Ke2 Ra2+ 44. Ke1 Ra3 45. h4+ Kf6 46. Ra6+ Kg7 47.
Ra7+ Kf6 48. Kf2 Ra2+ 49. Kf1 Ra1+ 50. Kg2 Ra2+ 51. Kh3 e4 52. fxe4 fxe4 53. Kg4
e3 54. Kf3 e2 55. Kf2 Ra3 56. g4 Re3 57. Ke1 Rh3 58. Ra6+ Kf7 59. Kxe2 Rxh4 60.
Kf3 Rh1 61. Kf4 Ra1 62. Kg5 Ra4 63. Rf6+ Kg7 64. Rxg6+ Kh7 65. Ra6 Rc4 66. Ra7+
Kh8 67. Kh5 Rc5+ 68. g5 Rc6 69. Rb7 Ra6 70. Rb5 Kg7 71. g6 Ra8 72. Kg5 Ra7 73.
Rc5 Kh8 74. Rf5 Kg8 75. Kh6 Ra6 76. Rb5 Kf8 77. Kh7 Ra7+ 78. Kh8 Ra8 79. g7+
Kf7+ 80. Kh7 1-0

[Event "World Youth Boys U16 2014"]
[Site "Durban RSA"]
[Date "2014.09.28"]
[Round "10.7"]
[White "Dragnev, Valentin"]
[Black "Tica, Sven"]
[Result "1-0"]
[WhiteElo "2151"]
[BlackElo "2246"]
[WhiteFideId "1634852"]
[BlackFideId "14526948"]
[EventDate "2014.09.20"]

1. e4 c5 2. Nf3 Nc6 3. d4 cxd4 4. Nxd4 g6 5. c4 Nf6 6. Nc3 d6 7. f3 Nxd4 8. Qxd4
Bg7 9. Be3 O-O 10. Qd2 Be6 11. Rc1 a5 12. b3 Nd7 13. Be2 b6 14. h4 f5 15. h5 Rf7
16. hxg6 hxg6 17. exf5 Bxf5 18. Nd5 Nc5 19. g4 Bd7 20. Nf4 Bc6 21. Nxg6 Rxf3 22.
Bxf3 Bxf3 23. O-O Be4 24. Nh4 Qd7 25. Nf5 Rf8 26. Bxc5 bxc5 27. Qg5 Bxf5 28.
Rxf5 Rxf5 29. Qxf5 e6 30. Qf3 d5 31. cxd5 exd5 32. Kg2 Qd6 33. Qf5 Qc6 34. Re1
a4 35. Re7 d4+ 36. Kg1 Qh6 37. Re8+ Bf8 38. Qxc5 1-0

[Event "World Youth Boys U16 2014"]
[Site "Durban RSA"]
[Date "2014.09.28"]
[Round "10.8"]
[White "Xu, Xiangyu"]
[Black "Kollars, Dmitrij"]
[Result "1-0"]
[WhiteElo "2133"]
[BlackElo "2243"]
[WhiteFideId "8608288"]
[BlackFideId "12909572"]
[EventDate "2014.09.20"]

1. e4 e5 2. Nf3 Nc6 3. Bc4 Nf6 4. d3 Bc5 5. Bg5 d6 6. Nbd2 h6 7. Bh4 g5 8. Bg3
Qe7 9. c3 Nh5 10. Qb3 Bd7 11. a3 Nf4 12. O-O-O Nxg2 13. d4 Bb6 14. dxe5 dxe5 15.
Bd5 Nf4 16. Nc4 f6 17. Bxf4 gxf4 18. Nh4 Rh7 19. Nxb6 axb6 20. Bxc6 1-0

[Event "World Youth Boys U16 2014"]
[Site "Durban RSA"]
[Date "2014.09.28"]
[Round "10.9"]
[White "Saiyn, Zhanat"]
[Black "Christiansen, Johan-Sebastian"]
[Result "1/2-1/2"]
[WhiteTitle "FM"]
[WhiteElo "2397"]
[BlackElo "2233"]
[WhiteFideId "13703820"]
[BlackFideId "1512668"]
[EventDate "2014.09.20"]

1. d4 d5 2. c4 dxc4 3. Nf3 Nf6 4. e3 e6 5. Bxc4 a6 6. O-O b5 7. Bd3 Bb7 8. Nc3
c5 9. dxc5 Bxc5 10. Qe2 O-O 11. e4 Nbd7 12. Bg5 h6 13. Bh4 Qb6 14. a4 b4 15. a5
Qc6 16. Na4 Nxe4 17. Rfc1 Rfc8 18. Rc4 Nd6 19. Nxc5 Nxc5 20. Rxb4 Nxd3 21. Qxd3
Nb5 22. h3 Qc5 23. Rg4 f5 24. Rg6 Kf7 25. Rg3 Qd5 26. Qe3 Qe4 27. Ne5+ Kf8 28.
Nd7+ Kf7 29. Bf6 Rg8 30. Be5 Qxe3 31. Rxe3 Rac8 32. Bc3 Rgd8 33. Ne5+ Ke7 34.
Ng6+ Kf7 35. Nf4 Bd5 36. Rae1 Rc6 37. Nd3 Rcc8 38. Be5 Rc4 39. Bc3 Rcc8 40. Nb4
Nxc3 41. bxc3 Bc4 42. Nc2 Rd3 43. Re5 Rxc3 44. Nd4 Ra3 45. Nxe6 Bxe6 46. Rxe6
Rxa5 47. Re7+ Kg6 48. Ra7 Rg8 49. Re6+ Kh7 50. g3 Ra3 51. Kg2 Rf8 52. Ree7 Rg8
53. h4 Kg6 54. Re6+ Kh7 55. h5 Ra5 56. Ree7 Ra3 57. Rf7 Ra5 58. Kh3 Kh8 59. Kh2
Kh7 60. Kg2 Kh8 61. Rfb7 Ra3 62. Rd7 Kh7 63. Rf7 Ra5 64. Kf3 Kh8 65. Kf4 Kh7 66.
Rfe7 Kh8 67. f3 Kh7 68. Re6 Rb8 69. Rg6 Rg8 70. Rgxa6 Rxa6 71. Rxa6 Rb8 72. Kxf5
Rb7 73. g4 Rf7+ 74. Ke4 Re7+ 75. Kf4 Rf7+ 76. Kg3 Rb7 77. Re6 Ra7 78. Re3 Ra1
79. Re7 Ra4 80. Re4 Ra7 81. Kf4 Rf7+ 82. Ke3 Ra7 83. Re5 Ra4 84. Rd5 Ra3+ 85.
Ke4 Ra4+ 86. Rd4 Ra5 87. f4 Ra7 88. Rd5 Re7+ 89. Re5 Rd7 90. Re8 Ra7 91. Kf5
Ra5+ 92. Re5 Ra6 93. Rd5 Rf6+ 94. Ke5 Ra6 95. Ke4 Ra4+ 96. Rd4 Ra5 97. Ke3 Ra3+
98. Rd3 Ra4 99. Kf3 Rb4 100. Re3 Ra4 101. Kg3 Ra1 102. Kf2 Ra2+ 103. Re2 Ra3
104. Re3 Ra2+ 105. Kf3 Ra4 106. Rd3 Rb4 107. Ke3 Ra4 108. Rd4 Ra3+ 109. Ke4 Ra5
110. Rd5 Ra4+ 111. Ke5 Ra6 112. Rc5 Rb6 113. Ra5 Rf6 114. Ra4 Rb6 115. Rd4 Ra6
116. Ke4 Ra5 117. Rd5 Ra4+ 118. Kf5 Ra6 119. Ke5 Rb6 120. g5 hxg5 121. fxg5 Rb1
122. Ke6 Rh1 123. Kf7 Rf1+ 124. Ke6 Rh1 125. g6+ Kh6 126. Kf7 Rf1+ 127. Ke8 Re1+
128. Kf8 Rf1+ 129. Kg8 Ra1 130. Rd7 Ra8+ 131. Kf7 Ra5 132. Kg8 Ra8+ 133. Kf7 Ra5
134. Kg8 Ra8+ 135. Kf7 Ra5 136. Kg8 Ra8+ 1/2-1/2

[Event "World Youth Boys U16 2014"]
[Site "Durban RSA"]
[Date "2014.09.28"]
[Round "10.10"]
[White "Vorontsov, Pavlo"]
[Black "Li, Di"]
[Result "1-0"]
[WhiteTitle "FM"]
[BlackTitle "FM"]
[WhiteElo "2397"]
[BlackElo "2192"]
[WhiteFideId "14116367"]
[BlackFideId "8607508"]
[EventDate "2014.09.20"]

1. Nf3 Nf6 2. c4 g6 3. Nc3 c5 4. e4 Bg7 5. d4 cxd4 6. Nxd4 d6 7. Be2 O-O 8. O-O
Nc6 9. Be3 Nxd4 10. Bxd4 Bd7 11. Qd2 Bc6 12. f3 a5 13. b3 Nd7 14. Be3 Nc5 15.
Rac1 Qb6 16. Rc2 Rfc8 17. Rb1 Qd8 18. Bf1 h5 19. a3 Kh7 20. Kh1 Be5 21. b4 Na4
22. Ne2 Qh8 23. Nd4 Bf6 24. Qf2 Kg8 25. Bd3 h4 26. h3 Be8 27. f4 axb4 28. axb4
e6 29. Rbc1 Qg7 30. f5 Bd7 31. Rf1 Rf8 32. Nb5 Bxb5 33. cxb5 Nc3 34. Qd2 g5 35.
fxe6 fxe6 36. Rxf6 Rxf6 37. Qxc3 g4 38. hxg4 h3 39. g5 hxg2+ 40. Kxg2 Raf8 41.
Be2 Qg6 42. Qd3 R6f7 43. Bg4 d5 44. Qd4 dxe4 45. Qe5 Re7 46. Kg3 1-0

[Event "World Youth Boys U16 2014"]
[Site "Durban RSA"]
[Date "2014.09.29"]
[Round "11.2"]
[White "Pichot, Alan"]
[Black "Litvinov, Maxim"]
[Result "1-0"]
[WhiteTitle "IM"]
[WhiteElo "2452"]
[BlackElo "2211"]
[WhiteFideId "110973"]
[BlackFideId "24157449"]
[EventDate "2014.09.20"]

1. e4 e5 2. Nf3 Nc6 3. Bb5 a6 4. Ba4 Nf6 5. O-O Be7 6. Re1 b5 7. Bb3 d6 8. c3
O-O 9. h3 Nb8 10. d4 Nbd7 11. Nbd2 Bb7 12. Bc2 Re8 13. Nf1 Bf8 14. Ng3 g6 15. a4
c5 16. d5 c4 17. Bg5 h6 18. Be3 Qc7 19. Qd2 Kh7 20. Nh2 Bg7 21. Rf1 Rab8 22. f4
exf4 23. Rxf4 Ne5 24. Raf1 Qe7 25. Nf3 Nfd7 26. Nd4 Kg8 27. Ngf5 gxf5 28. Nxf5
Qf6 29. Rh4 Qg6 30. Bd1 Nf6 31. Nxh6+ Kf8 32. Nf5 Nxe4 33. Rxe4 Nf3+ 34. Bxf3
Qxf5 35. Rf4 Qg6 36. Bg4 Re5 37. Bd4 Bxd5 38. Bxe5 dxe5 39. R4f2 Qc6 40. Bh5 Rb7
41. Rd1 Be6 42. Bf3 1-0

[Event "World Youth Boys U16 2014"]
[Site "Durban RSA"]
[Date "2014.09.29"]
[Round "11.3"]
[White "Karthikeyan, Murali"]
[Black "Sanal, Vahap"]
[Result "1/2-1/2"]
[WhiteTitle "IM"]
[BlackTitle "IM"]
[WhiteElo "2462"]
[BlackElo "2473"]
[WhiteFideId "5074452"]
[BlackFideId "6300545"]
[EventDate "2014.09.20"]

1. e4 c5 2. Nf3 e6 3. d4 cxd4 4. Nxd4 a6 5. c4 Nf6 6. Nc3 d6 7. Be2 Be7 8. O-O
Qc7 9. Be3 b6 10. Qd2 Bb7 11. f3 Nbd7 12. a4 O-O 13. a5 Rac8 14. Rfc1 bxa5 15.
Nb3 Qb8 16. Nxa5 Ba8 17. Kh1 Rfe8 18. Bf1 Bd8 19. Rcb1 Bc7 20. Ra3 Rcd8 21. Qf2
d5 22. cxd5 exd5 23. Ba7 Qb4 24. exd5 Nxd5 25. Nc4 N5b6 26. Na2 Qe7 27. Nxb6 Qd6
28. Qg3 Qxg3 29. hxg3 Nxb6 30. Rxa6 Nd5 31. Bf2 Ne3 32. Nc3 Nxf1 33. Rxf1 h5 34.
Nb5 Be5 35. Re1 Kh7 36. f4 Bxb2 37. Rxe8 Rxe8 38. Nd6 Re6 39. Rb6 Re2 40. Nxf7
Bf6 41. Kg1 Rxf2 42. Ng5+ Bxg5 43. Kxf2 Bf6 44. Rb5 Kg6 45. Kg1 Bc6 46. Ra5 Bd7
47. Kh2 Bf5 48. Rc5 Bg4 49. Rb5 Kf7 50. Rb6 Ke7 51. Rc6 Kd7 52. Rb6 Bf5 53. Ra6
Be7 54. Ra5 g6 55. Ra6 Bd6 56. Rb6 Bc5 57. Ra6 Kc7 58. Kh1 Bb6 59. Ra1 Bf2 60.
Kh2 Kc6 61. Rd1 Kc5 62. Rd2 Bd4 63. Re2 Kc4 64. Re8 Kd3 65. Re7 Be3 66. Re8 Ke2
67. Ra8 Bd4 68. Ra4 Bf2 69. Ra2+ Kf1 70. Ra1+ Be1 71. Ra4 Bc8 72. Rc4 Bd7 73.
Rd4 Bf5 74. Ra4 Bc3 75. Ra3 Bd4 76. Ra4 Bg1+ 77. Kh1 Be3 78. Kh2 Bd3 79. Ra3 Ke2
80. Kh3 Bf5+ 81. Kh2 Bd2 82. Ra2 Bb1 83. Rb2 Be4 84. Ra2 Bd5 85. Ra6 Be4 86. Ra2
Bd3 87. Ra3 Be1 88. Ra2+ Kf1 89. Ra3 Be4 90. Re3 Bc2 91. Ra3 Bf5 92. Ra4 1/2-1/2

[Event "World Youth Boys U16 2014"]
[Site "Durban RSA"]
[Date "2014.09.29"]
[Round "11.4"]
[White "Aravindh, Chithambaram VR."]
[Black "Dragnev, Valentin"]
[Result "1-0"]
[WhiteTitle "IM"]
[WhiteElo "2496"]
[BlackElo "2151"]
[WhiteFideId "5072786"]
[BlackFideId "1634852"]
[EventDate "2014.09.20"]

1. b3 d5 2. e3 Nf6 3. Bb2 Bf5 4. Nf3 e6 5. Be2 h6 6. c4 Bd6 7. O-O O-O 8. cxd5
exd5 9. Nc3 c6 10. d3 Re8 11. Re1 Bh7 12. a3 Nbd7 13. Bf1 a5 14. g3 Qb6 15. Na4
Qd8 16. Nc3 Qb6 17. Na4 Qd8 18. Qc2 Ng4 19. e4 dxe4 20. dxe4 Qc7 21. Bd4 Re7 22.
Nc3 Rae8 23. Bg2 Qb8 24. h3 Nge5 25. Nh4 g5 26. Nf3 Nxf3+ 27. Bxf3 f5 28. Bh5
Rf8 29. exf5 Bxf5 30. Ne4 Bxg3 31. Qc4+ Be6 32. Nxg3 Bxc4 33. Rxe7 Nf6 34. bxc4
Nxh5 35. Nxh5 Rf7 36. Nf6+ Rxf6 37. Bxf6 Qd6 38. Rg7+ 1-0

[Event "World Youth Boys U16 2014"]
[Site "Durban RSA"]
[Date "2014.09.29"]
[Round "11.5"]
[White "Petrosyan, Manuel"]
[Black "Xu, Xiangyu"]
[Result "1-0"]
[WhiteTitle "FM"]
[WhiteElo "2397"]
[BlackElo "2133"]
[WhiteFideId "13300857"]
[BlackFideId "8608288"]
[EventDate "2014.09.20"]

1. Nf3 f5 2. d3 g6 3. e4 d6 4. exf5 Bxf5 5. d4 Bg7 6. Bd3 e6 7. Bxf5 exf5 8. O-O
Ne7 9. Re1 O-O 10. Ng5 Qd7 11. Ne6 Rf7 12. Nxg7 Kxg7 13. d5 Ng8 14. b3 Na6 15.
Bb2+ Nf6 16. Nd2 Re8 17. Nf3 Rfe7 18. Rxe7+ Qxe7 19. Qd4 Nc5 20. h3 Qd8 21. Kf1
h6 22. c4 g5 23. Qd1 Kg6 24. b4 Nce4 25. Nd4 c6 26. Kg1 cxd5 27. cxd5 Qb6 28.
Qb3 Re5 29. f3 Ng3 30. Kh2 Ne2 31. Ne6 Qf2 32. Bxe5 dxe5 33. d6 g4 34. fxg4 fxg4
35. d7 Ne4 36. Qd3 Kf7 1-0

[Event "World Youth Boys U16 2014"]
[Site "Durban RSA"]
[Date "2014.09.29"]
[Round "11.6"]
[White "Mousavi, Seyed Khalil"]
[Black "Van Foreest, Jorden"]
[Result "0-1"]
[WhiteTitle "FM"]
[BlackTitle "FM"]
[WhiteElo "2348"]
[BlackElo "2457"]
[WhiteFideId "12511099"]
[BlackFideId "1039784"]
[EventDate "2014.09.20"]

1. d4 d5 2. Nf3 Nf6 3. c4 c6 4. e3 Bg4 5. Nbd2 e6 6. Qb3 Qc7 7. Bd3 Nbd7 8. O-O
Bd6 9. c5 Be7 10. Qc2 a5 11. b3 b6 12. cxb6 Qxb6 13. Bb2 Bh5 14. e4 dxe4 15.
Bxe4 Nxe4 16. Qxe4 Bg6 17. Qe3 O-O 18. Nc4 Qb7 19. Ba3 Bb4 20. Rfc1 Nf6 21. Nfe5
Nd5 22. Qf3 Ra6 23. Bxb4 axb4 24. a4 bxa3 25. Rxa3 Rxa3 26. Nxa3 Qa7 27. Nac4
Rc8 28. Nxg6 hxg6 29. Ne5 Rc7 30. Qd1 Qb6 31. g3 Ne7 32. Rc5 Qb4 33. Rc4 Qd6 34.
Ra4 Nf5 35. Ra8+ Kh7 36. Nf3 f6 37. Qe2 Qd5 38. g4 c5 39. Ra4 Nxd4 40. Nxd4 cxd4
41. Qd1 d3 42. Ra2 Rc3 43. Rb2 Qe4 44. b4 Rc2 0-1

[Event "World Youth Boys U16 2014"]
[Site "Durban RSA"]
[Date "2014.09.29"]
[Round "11.7"]
[White "Rakotomaharo, Fy Antenaina"]
[Black "Ali Marandi, Cemil Can"]
[Result "1-0"]
[WhiteTitle "CM"]
[BlackTitle "IM"]
[WhiteElo "2286"]
[BlackElo "2408"]
[WhiteFideId "13100050"]
[BlackFideId "6300529"]
[EventDate "2014.09.20"]

1. d4 d5 2. c4 c6 3. Nc3 Nf6 4. e3 a6 5. Qc2 g6 6. Bd3 Bg7 7. Nf3 O-O 8. O-O Bg4
9. Ne5 Be6 10. c5 Nbd7 11. f4 Nxe5 12. fxe5 Ne8 13. Ne2 f6 14. Nf4 Qd7 15. Qb3
Nc7 16. exf6 exf6 17. Bd2 Bf7 18. h4 f5 19. h5 Ne6 20. Nh3 Bh6 21. Qd1 Qe7 22.
Qf3 Ng5 23. Nxg5 Bxg5 24. hxg6 hxg6 25. Rae1 Be6 26. Re2 Kg7 27. Be1 Rh8 28. Bg3
Bf6 29. Bd6 Qf7 30. g4 fxg4 31. Qg2 Qd7 32. Ref2 Rhf8 33. Qg3 Be7 34. Be5+ Kg8
35. Qh2 Bf5 36. Bxf5 gxf5 37. Qh8+ Kf7 38. Rxf5+ Qxf5 39. Rxf5+ Ke6 40. Rxf8
Rxf8 41. Qg7 1-0

[Event "World Youth Boys U16 2014"]
[Site "Durban RSA"]
[Date "2014.09.29"]
[Round "11.8"]
[White "Chandran, Kapil"]
[Black "Vorontsov, Pavlo"]
[Result "1/2-1/2"]
[BlackTitle "FM"]
[WhiteElo "2229"]
[BlackElo "2397"]
[WhiteFideId "2034077"]
[BlackFideId "14116367"]
[EventDate "2014.09.20"]

1. d4 Nf6 2. c4 e6 3. Nf3 b6 4. a3 Bb7 5. Nc3 Ne4 6. Nxe4 Bxe4 7. Nd2 Bb7 8. e4
g6 9. Bd3 Bg7 10. Nf3 d6 11. O-O O-O 12. Qc2 Nd7 13. Re1 h6 14. b4 c5 15. Bb2
cxd4 16. Nxd4 a6 17. Bf1 Rc8 18. Rad1 Qc7 19. Nf3 Rfd8 20. Bxg7 Kxg7 21. Qb2+ e5
22. Rc1 Bc6 23. c5 b5 24. cxd6 Qxd6 25. Red1 Qe6 26. Bd3 Re8 27. Bb1 Nb6 28. Ba2
Nc4 29. Bxc4 bxc4 30. Re1 Ba4 31. Re3 Red8 32. h3 f6 33. Nd2 Rd4 34. Nb1 Rd3 35.
Qe2 Rcd8 36. Nc3 Bc6 37. Nd5 Rxe3 38. fxe3 Bxd5 39. exd5 Rxd5 40. Qxc4 Rd1+ 41.
Kh2 Qxc4 42. Rxc4 Ra1 43. Rc7+ Kf8 44. Ra7 Rxa3 45. b5 Rb3 46. bxa6 Ra3 47. Kg1
Ra2 48. Kf1 f5 49. g3 g5 50. Ke1 h5 51. h4 g4 52. Kf1 Ra1+ 53. Kf2 Ra2+ 54. Kf1
Ra1+ 1/2-1/2

[Event "World Youth Boys U16 2014"]
[Site "Durban RSA"]
[Date "2014.09.29"]
[Round "11.10"]
[White "Sosa, Tomas ARG"]
[Black "Sibashvili, Giorgi"]
[Result "1/2-1/2"]
[WhiteElo "2275"]
[BlackElo "2335"]
[WhiteFideId "121576"]
[BlackFideId "13602799"]
[EventDate "2014.09.20"]

1. e4 e6 2. d4 d5 3. Nd2 Nf6 4. e5 Nfd7 5. Bd3 c5 6. c3 Nc6 7. Ne2 cxd4 8. cxd4
f6 9. exf6 Nxf6 10. O-O Bd6 11. Nf3 Qc7 12. Bd2 O-O 13. Rc1 Bd7 14. Ng3 Rae8 15.
Bc3 Qb8 16. Re1 e5 17. dxe5 Nxe5 18. Nxe5 Bxe5 19. Bxe5 Rxe5 20. h3 Rfe8 21. Qd2
Qd6 22. Rxe5 Qxe5 23. Be2 Bc6 24. Rd1 Rd8 25. Qd4 Qxd4 26. Rxd4 Kf7 27. Bd3 Ke6
28. f3 g6 29. Kf2 Ne8 30. h4 Nd6 31. a4 Be8 32. Ne2 Ke5 33. Ke3 Rc8 34. Nc3 Bc6
35. h5 gxh5 36. Rh4 Be8 37. Rd4 Nc4+ 38. Bxc4 dxc4 39. Rd5+ Ke6 40. f4 Bf7 41.
Rb5 b6 42. a5 Rc6 43. f5+ Ke7 44. Ne4 Kf8 45. Kd4 bxa5 46. Rxa5 a6 47. Ke5 Kg7
48. Nd6 Rb6 49. Rc5 Rxd6 50. Kxd6 Kf6 51. g3 h6 52. Re5 Bg8 53. Re8 Bf7 54. Re5
Bg8 55. Rc5 Bh7 56. Rxc4 Bxf5 57. Rd4 Bg4 58. Re4 Kg5 59. Re5+ Bf5 60. Ra5 Kg4
61. Rxa6 Kxg3 62. Ke5 Bg4 63. b4 h4 64. b5 h3 65. Rxh6 h2 66. b6 Bf3 67. Rxh2
Kxh2 1/2-1/2